Most streamed songs : Beyoncé - Statistics

General Stats
  • This quiz has been taken 211 times
    32 since last reset
  • The average score is 6 of 10
Answer Stats
Streams Song % Correct
1 797 000 000 Crazy In Love (feat. JAY-Z)
90%
1 936 500 000 Halo
90%
842 000 000 Single Ladies (Put a Ring on It)
90%
814 500 000 Irreplaceable
66%
949 500 000 CUFF IT
55%
775 000 000 TEXAS HOLD 'EM
55%
756 000 000 If I Were a Boy
52%
773 000 000 Love On Top
45%
1 071 500 000 Telephone (with Lady Gaga)
38%
850 500 000 Perfect Duet (with Ed Sheeran)
17%
No matching quizzes found
Score Distribution
Percent of People with Each Score
Percentile by Number Answered
Your Score History
You have not taken this quiz since the last reset